Musiq Soulchild Discography - Statistics

General Stats
  • This quiz has been taken 2 times
  • The average score is 6 of 11
Answer Stats
Type Year Name % Correct
Album 2008 OnMyRadio
100%
Collaborative Album 2013 9ine
50%
Album 2000 Aijuswanaseing
50%
Holiday EP 2008 A Philly Soul Christmas / Christmas Musiq
50%
Album 2017 Feel the Real
50%
Album 2002 Juslisen
50%
Album 2016 Life on Earth
50%
Album 2007 Luvanmusiq
50%
Album 2011 MusiqInTheMagiq
50%
Album 2003 Soulstar
50%
EP 2014 The Husel
0%
No matching quizzes found
Score Distribution
Percent of People with Each Score
Percentile by Number Answered
Your Score History
You have not taken this quiz